000 00371nam a2200157Ia 4500
003 0STCL
008 150530s9999 xx 000 0 und d
040 _aSTCL
_cSTCL
100 _aGovernment of India
245 _aFourth general Elections
260 _bGovernment of India
_c1967
546 _aEnglish
942 _2ddc
_cBK
999 _c68807
_d68807
005 20220125171406.0